Responses for show #6147 - Tuesday, May 10, 2011

2011 Teachers Tournament semifinal game 2.

Contestants

[<< previous game]

John Shoe, a third and fourth grade teacher from Lakewood, Colorado

Lori Kissell, a high school Latin teacher from Fredericksburg, Virginia

Charley Tinkham, an eighth grade history and technology teacher from San Bruno, California

[next game >>]

Jeopardy! Round responses

THE PERIODIC TABLE
O POURI
ON THE LAMB
ENDS WITH THE SAME 2 VOWELS
APP-Y DAYS
SPELL IT WITH STATE ABBREVIATIONS
(Alex: Each response will be the names of 2 states: you have to give us the names, not the abbreviations.)
    $200 2
hydrogen

John
    $200 19
Gail

Lori
    $200 11
mint

John
    $200 14
Glee

John
    $200 21
confession

John
    $200 1
Delaware and Alabama

John
    $400 3
argon

Charley
    $400 20
Philadelphia

John
    $400 12
peach

Lori
    $400 15
Roo

Charley
    $400 22
cowbell

Charley
    $400 4
Louisiana and North Dakota

John
    $600 5
(John: What is aluminum?)
(Lori: What is nickel?)
(Charley: What is lead?)

iron

CharleyLoriJohn
Triple Stumper
    $600 28
Precious

John
    $600 13
salsa

Charley
    $600 16
igloo

John
    $600 23
a lightsaber

John
    $600 8
Pennsylvania Illinois

John
    $800 6
nitrogen

Charley
    $800 29
South Africa

John
    $800 26
curry

Lori
    $800 17
free

John
    $800 24
Applause

Triple Stumper
    $800 9
Washington and Nebraska

Lori
    $400 7
uranium

Charley
    $1000 30
I Know Why The Caged Bird Sings

John
    $1000 27
ricotta

Triple Stumper
    $1000 18
a decree

Charley
    $1000 25
Bubblewrap

John
    $1000 10
Missouri Oregon

John

Scores at the first commercial break (after clue 13):

Charley Lori John
$1,600 $600 $2,000

Scores at the end of the Jeopardy! Round:

Charley Lori John
$3,400 $1,600 $8,200

Double Jeopardy! Round responses

HISTORY & GEOGRAPHY
WRITERS' MIDDLE NAMES
GOING FOR BAROQUE
"MID"-TERMS
SUBSTITUTES
PRINCIPALS
(Alex: We will give you the two principal players for a film; you have to identify the motion picture for us.)
    $400 2
the Gaza Strip

John
    $400 19
Waldo

Lori
    $400 25
the "Hallelujah Chorus"

Lori
    $400 1
the midnight oil

Charley
    $400 11
kidneys

Lori
    $400 14
Jaws

Lori
    $800 7
(John: What is the Fertile Crescent?)

Mesopotamia

LoriJohn
    $800 20
Fenimore

John
    $800 27
one

Lori
    $800 3
a midge

Lori
    $800 12
the pinch hitter

Charley
    $800 15
A Few Good Men

Triple Stumper
    $1,500 8
Kyoto

Lori
    $1200 21
Wadsworth

Lori
    $1200 29
Johann Sebastian Bach

Lori
    $1200 4
Midland

Lori
    $1200 13
an understudy

John
    $1200 16
Shrek

Charley
    $1600 9
the Baltic Sea

Charley
    $1600 22
Carol

Charley
    $4,200 24
The Four Seasons

John
    $1600 5
(in) mid-air

Lori
    $1600 26
(Lori: What is a tuba?)

the French horn

LoriJohn
    $1600 17
The King's Speech

Lori
    $2000 10
Macao

Lori
    $2000 23
Foster

John
    $2000 30
Aeneas

Charley
    $2000 6
the middleman

Lori
    $2000 28
a proxy

Lori
    $2000 18
Milk

John

Scores at the end of the Double Jeopardy! Round:

Charley Lori John
$11,000 $18,300 $19,600

[wagering suggestions for these scores]

Final Jeopardy! Round responses

THE NATIONAL STATUARY HALL COLLECTION
(Alex: In Washington, D.C., of course.)
CharleyWho is Helen Keller?
$3,000
LoriWho is Helen Keller?
$16,200
JohnWho is Keller
$7,100
Helen Keller

Final scores:

Charley Lori John
$14,000 $34,500 $26,700
3rd place: $10,000 Finalist 2nd place: $10,000

Game dynamics:

Coryat scores:

Charley Lori John
$11,600 $18,000 $17,000
13 R
(including 1 DD),
1 W
20 R
(including 1 DD),
2 W
23 R
(including 1 DD),
2 W

Combined Coryat: $46,600

The J! Archive is created by fans, for fans. The Jeopardy! game show and all elements thereof, including but not limited to copyright and trademark thereto, are the property of Jeopardy Productions, Inc. and are protected under law. This website is not affiliated with, sponsored by, or operated by Jeopardy Productions, Inc. Join the discussion at JBoard.tv.